Statistics for All Time Memphis Grizzlies Roster

Click here to take the quiz!

General Stats

  • This quiz has been taken 60 times
    (53 since last reset)
  • The average score is 18 of 114

Answer Stats

Player % Correct
Pau Gasol
98%
Marc Gasol
98%
Mike Conley
94%
Zach Randolph
85%
Tony Allen
63%
Rudy Gay
54%
Jason Williams
52%
Shane Battier
50%
Mike Miller
48%
Marcus Williams
42%
James Johnson
35%
Alexander Johnson
33%
Chris Johnson
33%
O.J. Mayo
33%
Tayshaun Prince
31%
Ed Davis
29%
Hasheem Thabeet
29%
Dahntay Jones
27%
Eddie Jones
27%
Ishmael Smith
27%
Theron Smith
27%
Allen Iverson
27%
Stromile Swift
23%
Josh Davis
23%
Bobby Jackson
23%
Courtney Lee
23%
Kyle Lowry
23%
Damon Stoudamire
19%
Lorenzen Wright
19%
Quincy Pondexter
17%
Nick Calathes
17%
Andre Brown
17%
Jerryd Bayless
17%
Kwame Brown
17%
John Thomas
17%
Kosta Koufos
17%
Hamed Haddadi
15%
Darrell Arthur
15%
Greivis Vasquez
15%
Beno Udrih
15%
Hakim Warrick
15%
Tony Wroten
15%
Nick Anderson
13%
Sam Young
13%
Brian Cardinal
10%
Jon Leuer
10%
Michael Dickerson
10%
Xavier Henry
10%
Marreese Speights
10%
James Posey
10%
Earl Watson
10%
Darko Milicic
10%
DeMarre Carroll
10%
Jamaal Franklin
8%
Dante Cunningham
8%
Isaac Austin
8%
Bonzi Wells
8%
Gilbert Arenas
8%
Keyon Dooling
6%
Darius Miles
6%
Drew Gooden
6%
Juan Carlos Navarro
6%
Chucky Atkins
6%
Bo Outlaw
6%
Wayne Ellington
6%
Brevin Knight
6%
Austin Daye
6%
Seth Curry
6%
Josh Selby
6%
Wesley Person
6%
Javaris Crittenton
6%
Jason Collins
6%
Marko Jaric
6%
Lester Hudson
6%
Leon Powe
4%
Quinton Ross
4%
Greg Buckner
4%
Dexter Pittman
4%
Elliot Perry
4%
Ronnie Brewer
4%
Darius Morris
4%
Jeremy Pargo
4%
Rodney Buford
2%
Junior Harrington
2%
Robert Archibald
2%
Ryan Humphrey
2%
Steven Hunter
2%
Eddie Gill
2%
Troy Bell
2%
Trey Gilder
2%
Rodney Carney
2%
Iakovos Tsakalidis
2%
Cezary Trybanski
2%
Jamaal Tinsley
2%
Casey Jacobsen
2%
Mike Batiste
2%
Antonio Burks
2%
Gordan Giricek
2%
Will Conroy
2%
Will Solomon
2%
Antonis Fotsis
2%
Tarence Kinsey
2%
Brian Skinner
2%
Isaac Fontaine
2%
Acie Law
2%
Lawrence Roberts
2%
Anthony Roberson
2%
Jeremy Richardson
2%
Andre Emmett
2%
Grant Long
2%
Tony Massenburg
2%
Chris Owens
2%
Scott Padgett
2%
Adonal Foyle
2%

Score Distribution

Percentile by Number Answered

Percent of People with Each Score

Your Score History

You have not taken this quiz since the last reset